000 00741nam a22002537a 4500
003 UA-OsUOA
001 39231
007 ta
008 20060613b un ||||| |||| 00| 0 ukr d
100 _aБезпалько О.П.
700 _aБойчук М.К.
700 _aЖовтобрюх М.А.
090 _a81/36-112(075)
_bБ40
942 _cBK
040 _aUA-OsUOA
_bukr
_cUA-OsUOA
_dUA-OsUOA
245 _aІсторична граматика української мови
300 _a476 с.
955 _a2
041 _aukr
080 _a81/36-112(075)
260 _aК.
_c1957
650 7 _a8 Мовознавство. Художня література. Літературознавство
_2UDC
999 _c325379
_d325379